~BFDI Song Quiz - Who did it?~ - Statistics

General Stats
  • This quiz has been taken 73 times
    19 since last reset
  • The average score is 25 of 52
Answer Stats
Hint Answer % Correct
"Warm, warm, warm, you will stay toasty and healthy. Warm, warm, warm, you will stay toasty and healthy!" - "Grow big and strong, Plant- grow big.. And..-?" Bell
67%
"We.. Will... Not stop throwing horrid sludge, we love sludge as much as fudge!" - "Are you guys taking some Notes!? I need to tally up the Votes!" - "We won't obey a tyrant Book, want to see evil? Give her a Look!" - "Stop, stop, stop!" - "We will not!" - "Stop, stop, stop!" - "Bossy Bot!" - "Will anybody care?" - "Not this lot!" - "Will anybody help?" Book - Recommended Characters
67%
(Lyrics are unintelligible, Hint: 3 Contestants.) Coiny - Ice Cube - Needle
58%
"Of course, It's as I feared. An island eater such as myself has always been fated to go hungry.
As I starve, trapped in the depths of this number's wretched, squishy body, my final thought will be that of the time I've spent with you all. If I could stay for just one moment longer, Perhaps I would reveal-"
Dora
58%
"I am so glad Fries gave me the shovel, and with it, the ability to dig. I know that if I can dig, I can create islands! And since the islands are my only food, creating islands is very important to me. I love islands so much that I have written my very own island song. Would you like to hear about it? Never mind — I don't care about your opinion. I'm going to sing it anyway. It goes, 'Islands, islands! Yum, yum, yum! Islands, islands! Chomp. Islands! They are so delish! Gimme islands now! Gimme! Gimme, gimme, gimme! Gimme. Islands! Yum! Islands. Glorp. Shlorp! Gobble! Gloop! Gulp! Lala! Islands.' So, what did you think? Never mind — I don't care about your opinion. I know that you, being biased against us island-eaters, will say you hate it. But we island-eaters know that all the songs we write are wonderful. My two favorite things in the world are islands and songs. My two least favorite things are you and David. David is not my brother. He is not even related to me. I have tried to kill him plenty of times, but all my attempts have failed miserably. Most of my failures are the result of the horrendous "David Cloner". I forgot to tell you that the David Cloner ranks third on my least favorite list. Anyway, back to the islands. I like islands. They are good. So good, I want to sing my song again! 'Islands, islands! Yum, yum, yum! Islands, islands! Chomp. Islands! They are so delish! Gimme islands now! Gimme! Gimme, gimme, gimme! Gimme. Islands! Yum! Islands. Glorp. Shlorp! Gobble! Gloop! Gulp! Lala! Islands.'" Dora
58%
"Islands, islands! Yum, yum, yum! Islands, islands! Chomp. Islands! They are so delish! Gimme islands now! Gimme! Gimme, gimme, gimme! Gimme. Islands! Yum! Islands. Glorp! Shlorp! Gobble! Gloop! Gulp! Lala! Islands. Islands, islands! Yum, yum, yum! Islands, islands! Chomp. Islands. Yum!" Dora
58%
"Despite your Popularity. You. Got... Eliminated." Four
58%
"Despite your Popularity, you 4 got in a crazy Vote Battle that almost ended in a 4-Way Tie for last place!" Four
58%
"1, 2, 3, 4, who do we think is a stupid annoying bore? Spongy! Spongy!" Match - Ruby
58%
"I dreamed a Dream where no one called me Needy... You dreamed a Dream where nobody called you Puffy... We dreamed a Dream of a World with no name-calling.. Only there we could sleep peacefully, our eyelids falling..." Needle
58%
"Close your eyes, go to Sleep- Let your prefrontal cortex emit Melatonin and lose consciousness!" Nickel - Tennis Ball
58%
"Saw through me, yeah yeah yeah, kill me quick, yeah yeah yeah, so we can win the Contest, so we can win the Contest," Pencil
58%
Open mouth, yeah yeah yeah, eat Ice-Cream, yeah yeah yeah, so you can taste the sweetness, so you can taste the sweetness!!!" (Excluding Recommend-Characters) Pencil
58%
"Vote me in, yeah yeah yeah, let me join, yeah yeah yeah. So I can join TPOT, so I can join TPOT!" Pencil
58%
"Open mouth, yeah yeah yeah, let him out, yeah yeah yeah, so we can win the Contest" Pencil
58%
"Enter room, yeah, yeah, yeah! See the art, yeah, yeah, yeah! So we can be delighted! So we can be delighted!" Pencil
58%
"Vote for me, yeah yeah yeah, type my Name, yeah yeah yeah, so I can rejoin the Contest, so I can rejoin the Contest!" Pencil
58%
"Let me free, yeah, yeah, yeah! Don't crush me, yeah, yeah, yeah! So I can see the birdhouse!
So I can see the birdhouse!"
Pencil
58%
"Pointy, pointy, pointy, my Point is sharp and pointy! "Pointy, pointy, pointy, my Point is sharp and pointy! "Pointy, pointy, pointy, It's so sharp and pointy!" Pin
58%
"Yeah, who? I wanna know! Yeah, who? I wanna know! Yeah, who? I wanna know! Yeah, who? I wanna know! Yeah, who? I wanna know! Yeah, who? I wanna know!" Puffball
58%
"Ohh, Mr. Mysterious Thing, I'm shaking like a Tree... If I have just one wish, it'll to be free! The Lava's getting higher, closer to my Toes... If me and 14 Survives--- Nobody Know.... GUITAR SOLO! Ten
58%
"1, 2, 3, 4, who's breaking down on this Dance-Floor? Loser, Loser, Loser!" Winner - Loser
58%
"Glad to have two legs again, glad to be an X again" (Side-Note: A Character is not singing this. Just name the Character it was about) X
58%
"Awww, we're rackin' up Raw Meat, everybody likes some Steakies; They got juices and a Protein, everybody gonna grill it, yeah! Steakies," Barbecue Sauce
50%
"Boom, Boom, Boom, that's me exploding! Boom, Boom, Boom-" Bomby
50%
"Hanging at the Mall is so much fun! Hanging with my Bestie, infront of everyone! It's me and TD, she's my Best Friend. We'll be Best Friends from now until the end" Flower
50%
"Puffball, you betrayed us. You're a filthy brat, you deserve to burn; I will crush you.. Flat!" Fries
50%
"Puffball, you {RESTORED} us. You're a filthy {FRIEND}, you deserve to {LIVE}; I will {LIKE} you, {FRIEND!} Fries - Bomby
50%
"5, 6, 7, 8, who do we absolutely hate? Spong-" Match - Ruby
50%
"Vote for me, yeah yeah yeah, type an 'A', yeah yeah yeah, cause my Alliance needs me...! They just can't live without me.!" Pencil
50%
"Close your Eyes, yeah yeah yeah, Blink the both, yeah yeah yeah, so I can win the Contest, so I can win the Contest!!!" Pencil
50%
"Because I got my own Style, and you? Ain't got no Style." Six
50%
"We got our own Style, and you, don't have any Style." Ten
50%
"AaAAoooaAaooa! Smaller Cap equals less Plastic!" Water Bottle
50%
"Warm up, warm up, every petal, shred the Ice! Warm up, warm up! Get all toasty, hot & nice, warm up, warm up, every petal, shred the Ice!!" Bell
42%
"Ring around the Slammer, don't outrun the Hammer, won't work, won't work, it all slams down." Bomby - Needle - Ruby - Ice Cube
42%
"Ring around the Pig-Yum, Pin is such a dumb-dumb! Oozey, Oozey, it all drips down! Ring around the Farm Chunk, Leafy's flag goes Thunk-Thunk, Coi-ny, Nee-dle and-Book go down!" Golf Ball - Yellow Face - Ruby - Rocky - Gelatin - Ice Cube - Pencil
42%
"{(La, la, la, this is the best Van song the World has ever had! La, la, la!! Wooooo! Whooooooo!)} Driving with my Freind! {La, la, la,} La, la, la, so fun!" Leafy - Ruby
42%
"Mary had a little lamb" Pin
42%
"La, la, la, building Sandcastles, minding my own business and singing to myself like the Legend that I am~" Profily
42%
"La la la, driving with my Friend! {La la la, driving with my Friend La la la, driving with my Friend! {La la la, driving with my Friend La la la, driving with my Friend! Leafy - Ruby
33%
"If it isn't the one with a beautiful song!" - "And your dazzling voice makes me sing along!" - "As long as we can harmonize, our voices will grow strong!" Needle - Puffball
33%
"King of hearts, yeah yeah yeah! Host with us, yeah yeah yeah! So we can run the whole show. SO WE CAN RUN THE WHOLE SHOW!!" Pencil
33%
"Swim swim swim, It's our only way out, swim swim swim, we'll be free, no doubt." Pencil - Tennis Ball - Golf Ball - Ice Cube - Spongy - Fries - Nickel - Pin
33%
"Four~ FouuroOur, I love you SOOOOO muuuchh. You are such a cool little Number, and your Face is... Kind of weird... TOoOoOOOoo" Purple Face
33%
*Pointy, pointy, pointy but Auto-Tuned* Ruby
33%
"La, la, la, several weeks in a Pit! La, la, la, isn't it legit? La, la, la" Bottle
25%
"One Sheep, Two Sheep, Red Sheep, Blue Sheep" Coiny
25%
"All these Presents are for me! All these Presents are mine! La, la, la, I'm rich, Xanta loves me! Xanta loves me!" Pen
25%
"Fishy time, yeah yeah yeah, come on out, yeah yeah yeah! Pen
17%
"1, 2, 3, 4, who do we not adore? Spongy, Spongy! 5, 6, 7, 8, who do we hate? Spongy! 9, 10, then 11-" Match
8%
"Shake that bridge! {Yeah, yeah, yeah!}" Pillow - Winner
0%
No matching quizzes found
Score Distribution
Percent of People with Each Score
Percentile by Number Answered
Your Score History
You have not taken this quiz since the last reset